000 00371 a2200169 4500
001 184606
020 _a85-08-00144-4
040 _cMagnum
100 _aPorto, Cristina
240 1 0 _aSe... será, serafina ?
_lpor
245 1 0 _aSe... será, serafina ?
300 _a64
362 0 _a1985
440 1 _aÁtica
697 _aLITERATURA INFANTO-JUVENIL
942 _cBK
999 _c184606
_d184606